Simulador de computación cuántica de altas dimensiones /
Salvato in:
| Autori principali: | , , |
|---|---|
| Natura: | Elettronico eBook |
| Lingua: | spagnolo |
| Pubblicazione: |
Pereira, Colombia :
Universidad Tecnológica de Pereira : Editorial UTP,
2022.
|
| Edizione: | Primera edición. |
| Serie: | Colección Trabajos de investigación (Pereira, Risaralda, Colombia)
|
| Soggetti: | |
| Accesso online: | Digitalia Hispánica |
| Tags: |
Aggiungi Tag
Nessun Tag, puoi essere il primo ad aggiungerne!!
|
MARC
| LEADER | 00000nam a2200000 i 4500 | ||
|---|---|---|---|
| 001 | DIGUTECPR0027 | ||
| 003 | NyNyDIG | ||
| 006 | m o d | ||
| 007 | cr ||||||||||| | ||
| 008 | 240517s2022 ck a ob 000 0 spa d | ||
| 035 | |a (OCoLC)1435609477 | ||
| 040 | |a DGITA |b eng |e rda |e pn |c DGITA | ||
| 020 | |a 9789587226539 |q eBook | ||
| 050 | 1 | 4 | |a TK7885 ebook |
| 100 | 1 | |a Giraldo Carvajal, Andrés, |d 1991- |e author. | |
| 245 | 1 | 0 | |a Simulador de computación cuántica de altas dimensiones / |c Andrés Giraldo Carvajal, Jaime Hernández Gutiérrez, José Alfredo Jaramillo Villegas. |
| 250 | |a Primera edición. | ||
| 264 | 1 | |a Pereira, Colombia : |b Universidad Tecnológica de Pereira : |b Editorial UTP, |c 2022. | |
| 300 | |a 1 online resource : |b illustrations. | ||
| 336 | |a text |b txt |2 rdacontent | ||
| 337 | |a computer |b c |2 rdamedia | ||
| 338 | |a online resource |b cr |2 rdacarrier | ||
| 347 | |a text file |2 rdaft | ||
| 347 | |b PDF | ||
| 490 | 1 | |a Colección Trabajos de investigación | |
| 504 | |a Includes bibliographical references. | ||
| 588 | 0 | |a Online resource; title from PDF title page (Digitalia, viewed May 17, 2024) | |
| 650 | 0 | |a Computer engineering. | |
| 700 | 1 | |a Hernández Gutiérrez, Jaime, |d 1947- |e author. | |
| 700 | 1 | |a Jaramillo Villegas, José Alfredo, |d 1980- |e author. | |
| 791 | 2 | |a Digitalia (Firm), |e distributor. | |
| 793 | 0 | |g Digitalia eBook Collection: |a Universidad Tecnológica de Pereira | |
| 830 | 0 | |a Colección Trabajos de investigación (Pereira, Risaralda, Colombia) | |
| 856 | 4 | 0 | |3 Digitalia Hispánica |u https://digitalia.unach.elogim.com/a/136760/ |
| 910 | |a Premium collection: 2024 | ||